Southville International School and Colleges
Your cart is empty.
  • Cart
  • Lists
    Public lists Eva Luna New books Lux_list list_1
    Your lists Log in to create your own lists
  • Log in to your account
  • Your cookies
  • Search history
Southville International School and Colleges
  • Advanced search
  • Recent comments
  • Most popular
  • Libraries

Log in to your account

Log in with GOOGLE


If you do not have an external account, but do have a local account, you can still log in:

  1. Home
  2. MARC view: Invitation to human communication /
Normal view MARC view ISBD view

Invitation to human communication / (Record no. 25982)

[ view plain ]
MARC details
000 -LEADER
fixed length control field 00641nam a22002057a 4500
005 - DATE AND TIME OF LATEST TRANSACTION
control field 20141203084758.0
008 - FIXED-LENGTH DATA ELEMENTS--GENERAL INFORMATION
fixed length control field 140109b xxu||||| |||| 00| 0 eng d
020 ## - INTERNATIONAL STANDARD BOOK NUMBER
International Standard Book Number 9781285191966
050 ## - LIBRARY OF CONGRESS CALL NUMBER
Classification number P 90
Item number .G875 2014
100 ## - MAIN ENTRY--PERSONAL NAME
Personal name Griffin, Cindy L.
245 ## - TITLE STATEMENT
Title Invitation to human communication /
Statement of responsibility, etc Cindy L. Griffin, Jennifer Emerling Bone.
250 ## - EDITION STATEMENT
Edition statement 1st ed.
260 ## - PUBLICATION, DISTRIBUTION, ETC. (IMPRINT)
Place of publication, distribution, etc Boston, MA :
Name of publisher, distributor, etc Wadsworth, Cengage Learning,
Date of publication, distribution, etc 2012.
300 ## - PHYSICAL DESCRIPTION
Extent xxv, 456 p. :
Other physical details ill. col. ;
Dimensions 26 cm.
504 ## - BIBLIOGRAPHY, ETC. NOTE
Bibliography, etc Includes Index.
650 ## - SUBJECT ADDED ENTRY--TOPICAL TERM
Topical term or geographic name as entry element Communication.
700 ## - ADDED ENTRY--PERSONAL NAME
Personal name Bone, Jennifer Emerling
Relator term author.
942 ## - ADDED ENTRY ELEMENTS (KOHA)
Source of classification or shelving scheme Library of Congress Classification
Koha item type Books
Call number prefix Foreign
Holdings
Withdrawn status Lost status Source of classification or shelving scheme Damaged status Home library Current library Shelving location Date acquired Total Checkouts Full call number Barcode Date last seen Date checked out Copy number Price effective from Koha item type
    Library of Congress Classification   College Library College Library Reserve Section 01/09/2014 1 P 90 .G875 2014 C17425 05/15/2018 01/20/2016 1 01/09/2014 Books

Invitation to human communication /

APA

Griffin C. L., Bone J. E., . (2012). Invitation to human communication. Boston, MA: Wadsworth, Cengage Learning.

Chicago

Griffin Cindy L, Bone Jennifer Emerling, . 2012. Invitation to human communication. Boston, MA: Wadsworth, Cengage Learning.

Harvard

Griffin C. L., Bone J. E., . (2012). Invitation to human communication. Boston, MA: Wadsworth, Cengage Learning.

MLA

Griffin Cindy L, Bone Jennifer Emerling, . Invitation to human communication. Boston, MA: Wadsworth, Cengage Learning. 2012.

  • Place hold
  • Print
  • Cite
  • Add to your cart (remove)
  • Save record
    BIBTEX Dublin Core MARCXML MARC (non-Unicode/MARC-8) MARC (Unicode/UTF-8) MARC (Unicode/UTF-8, Standard) MODS (XML) RIS
  • More searches
    Search for this title in:
    Other Libraries (WorldCat) Other Databases (Google Scholar) Online Stores (Bookfinder.com) Open Library (openlibrary.org)

Exporting to Dublin Core...

SOUTHVILLE LIBRARY

Southville International School and Colleges Library

1281 Tropical Ave. Cor. Luxembourg St., BF Homes International, Las Pinas City

Tel. No. 8256374 / 252358 Loc. 117/146

Powered by Koha